000 00379nam a2200133Ia 4500
008 211109s9999||||xx |||||||||||||| ||und||
082 _a894.8123
_bMUH-V
100 _aMuhammed Basheer, Vaikom
245 0 _aVisappe
260 _bNATIONAL BOOKSTALL
_aKottayam
_c1978
630 _xGENERAL STACK
650 _aMALAYALAM
_vMALAYALM LITERAURE
_xMALAYALAM NOVALGeneralia
942 _cBOOK
999 _c70967
_d70967